| 000 | 04679cam a22007934i 4500 | ||
|---|---|---|---|
| 001 | u183 | ||
| 003 | PE-LiUPU | ||
| 005 | 20250731180104.0 | ||
| 008 | 150706s2013 ck a rb 000 0 spa d | ||
| 020 | _a9789586488297 | ||
| 035 | _a(Sirsi) i9789586488297 | ||
| 040 |
_aPE-LiUPU _bspa _cPE-LiUPU _erda |
||
| 049 | _aPRUA | ||
| 082 | 0 | 4 |
_a574.5 _bE71 _221 |
| 100 | 1 |
_aErazo Praga, Manuel, _eautor. |
|
| 245 | 1 | 0 |
_aEcología : _bimpacto de la problemática ambiental actual sobre la salud y el ambiente / _cManuel Erazo Praga. |
| 250 | _aPrimera edición. | ||
| 264 | 1 |
_aBogotá : _bEcoe Ediciones, _c2013. |
|
| 300 |
_a244 páginas : _bilustraciones ; _c28 centímetros |
||
| 336 |
_atext _2rdacontent |
||
| 337 |
_aunmediated _2rdamedia |
||
| 338 |
_avolume _2rdacarrier |
||
| 504 | _aIncluye bibliografía. | ||
| 505 | 0 | _aEcología de ecosistemas -- Ecología de poblaciones y comunidades -- Crisis ambiental actual -- Acuerdos internacionales ambientales, marco hacia un desarrollo sostenible. | |
| 526 | _aSEG44 | ||
| 526 | _aSEG26 | ||
| 526 | _aP159 | ||
| 526 | _aP155 | ||
| 526 | _aP154 | ||
| 526 | _aP153 | ||
| 526 | _aP150 | ||
| 526 | _aP100 | ||
| 526 | _aP31 | ||
| 526 | _aP30 | ||
| 526 | _aP26 | ||
| 526 | _aP25 | ||
| 526 | _aP24 | ||
| 526 | _aP22 | ||
| 526 | _aP15 | ||
| 526 | _aP10 | ||
| 541 | _g043-0014406; | ||
| 541 | _g001-0039187; | ||
| 541 | _g001-0039188; | ||
| 541 | _g001-0039188; | ||
| 541 | _g015-001552; | ||
| 541 | _g015-0016192; | ||
| 541 | _g002-00000291; | ||
| 650 | 0 | 4 |
_aEcología _xEnseñanza. |
| 650 | 0 | 4 | _aEcosistemas. |
| 910 |
_clch _d20130618 |
||
| 910 |
_armch _btqv _cjfb _d20180801 |
||
| 942 |
_2ddc _cBOOK |
||
| 949 |
_a574.5 E71 2013 _wDEWEY _c1 _iFT03008 _e2017-5-18 _lCCODEBUT1 _mBUT _n3 _p35.87 _r0 _sY _tBOOK _u2015-6-22 _xINGENIERIA _PP24 _0COMPRA _o.STAFF. Colección General |
||
| 949 |
_a574.5 E71 2013 _wDEWEY _c2 _iFT02785 _d2016-9-1 _e2016-9-1 _lCCODEBUT1 _mBUT _n1 _p35.87 _r0 _sY _tBOOK _u2015-7-8 _xINGENIERIA _PP24 _0COMPRA _o.STAFF. Colección General |
||
| 949 |
_a574.5 E71 2013 _wDEWEY _c3 _iFT03106 _d2018-5-31 _e2018-5-30 _lCCODEBUT1 _mBUT _n2 _p35.87 _r0 _sY _tBOOK _u2016-9-6 _xINGENIERIA _PP24 _0COMPRA _o.STAFF. Colección General |
||
| 949 |
_a574.5 E71 _wDEWEY _c1 _i67490 _d2018-4-10 _f2018-2-9 _g4 _lFIA2 _mBUL _p42.00 _q1 _r0 _sY _tBOOK _u2015-7-6 _xINGENIERIA _PP24 _0COMPRA _o.STAFF. Colección General |
||
| 949 |
_a574.5 E71 _wDEWEY _c2 _i69156 _d2018-4-24 _f2018-2-9 _g4 _lFIA2 _mBUL _p44.00 _q1 _r0 _sY _tBOOK _u2015-7-6 _xINGENIERIA _PP24 _0COMPRA _o.STAFF. Colección General |
||
| 949 |
_a574.5 E71 _wDEWEY _c3 _i71293 _d2018-5-17 _e2016-10-10 _f2018-2-12 _g4 _lCCODEBUL1 _mBUL _n6 _p28.41 _q2 _r0 _sY _tBOOK _u2015-5-26 _xINGENIERIA _PP24 _0COMPRA _o.STAFF. Colección General |
||
| 949 |
_a574.5 E71 2013 _wDEWEY _c1 _iFJ11212 _lCCODEBUJ1 _mBUJ _p33.10 _r0 _sY _tBOOK _u2018-08-01 _xINGENIERIA _PP24 _0COMPRA _o.STAFF. Colección General Juliaca |
||
| 994 |
_aC0 _bPEPRU |
||
| 596 | _a1 2 3 | ||
| 999 |
_a574.5 E71 _wDEWEY _c17975 _i67490 _d17975 _f2021-11-9 _g7 _lCCODEBUL1 _mBUL _p42.00 _q1 _r0 _sN _tBOOK _u2015-7-6 _xINGENIERIA _PP24 _0COMPRA _o.STAFF. Colección General |
||
| 999 |
_a574.5 E71 _wDEWEY _c2 _i69156 _d2018-4-24 _f2021-11-9 _g7 _lCCODEBUL1 _mBUL _p44.00 _q1 _r0 _sN _tBOOK _u2015-7-6 _xINGENIERIA _PP24 _0COMPRA _o.STAFF. Colección General |
||
| 999 |
_a574.5 E71 _wDEWEY _c3 _i71293 _d2018-5-17 _e2016-10-10 _f2021-11-9 _g7 _lCCODEBUL1 _mBUL _n6 _p28.41 _q2 _r0 _sY _tBOOK _u2015-5-26 _xINGENIERIA _PP24 _0COMPRA _o.STAFF. Colección General |
||
| 999 |
_a574.5 E71 2013 _wDEWEY _c1 _iFT03008 _e2017-5-18 _f2019-2-20 _g1 _lCCODEBUT1 _mBUT _n3 _p35.87 _r0 _sY _tBOOK _u2015-6-22 _xINGENIERIA _PP24 _0COMPRA _o.STAFF. Colección General |
||
| 999 |
_a574.5 E71 2013 _wDEWEY _c2 _iFT02785 _d2016-9-1 _e2016-9-1 _f2019-2-20 _g1 _lCCODEBUT1 _mBUT _n1 _p35.87 _r0 _sY _tBOOK _u2015-7-8 _xINGENIERIA _PP24 _0COMPRA _o.STAFF. Colección General |
||
| 999 |
_a574.5 E71 2013 _wDEWEY _c3 _iFT03106 _d2018-8-28 _e2018-8-27 _f2019-2-20 _g1 _lCCODEBUT1 _mBUT _n5 _p35.87 _r0 _sY _tBOOK _u2016-9-6 _xINGENIERIA _PP24 _0COMPRA _o.STAFF. Colección General |
||
| 999 |
_a574.5 E71 2013 _wDEWEY _c1 _iFJ11212 _d2019-4-3 _e2018-8-31 _f2022-1-25 _g3 _lCCODEBUJ1 _mBUJ _n1 _p33.10 _q1 _r1 _sY _tBOOK _u2018-8-1 _xINGENIERIA _PP24 _0COMPRA _1FCOMPRA _o.STAFF. Colección General Juliaca |
||
| 980 |
_81 _gALBERTO SANCHEZ Responsable de Automatización |
||